000 00375nam a2200145 i 4500
001 bg
100 1 _aOWCZAREK, S.
245 0 _aProgram i przykłady aproksymacji za pomocą wielomianów... /
_cS. Owczarek, S. Radło.
260 _aWarszawa,
_c1985.
700 1 _aRADŁO, S.
040 _cBPK
041 _apol
942 _cKS
008 s pl f |000 0 pol
999 _c28329
_d28329
856 _uhttp://koha.tu.koszalin.pl/cgi-bin/koha/opac-detail.pl?biblionumber=28329
_yKatalog online BPK